Proceedings. (Record no. 73819)

MARC details
000 -LEADER
fixed length control field 00813cam a22002411 4500
001 - CONTROL NUMBER
control field sa 67003374
003 - CONTROL NUMBER IDENTIFIER
control field DLC
005 - DATE AND TIME OF LATEST TRANSACTION
control field 20260227112338.0
008 - FIXED-LENGTH DATA ELEMENTS--GENERAL INFORMATION
fixed length control field 750521s1965 xx 100 0 eng
010 ## - LIBRARY OF CONGRESS CONTROL NUMBER
LC control number sa 67003374
035 ## - SYSTEM CONTROL NUMBER
System control number (OCoLC)1348248
040 ## - CATALOGING SOURCE
Original cataloging agency DLC
Transcribing agency NSyU
Modifying agency DLC
050 00 - LIBRARY OF CONGRESS CALL NUMBER
Classification number HD9866.A2
Item number S4 1965
111 2# - MAIN ENTRY--MEETING NAME
Meeting name or jurisdiction name as entry element Seminar on Textile Industrial Management
Date of meeting or treaty signing (1965 :
Location of meeting Karachi, etc.)
245 00 - TITLE STATEMENT
Title Proceedings.
260 ## - PUBLICATION, DISTRIBUTION, ETC.
Place of publication, distribution, etc. Dacca,
Name of publisher, distributor, etc. Pakistan Industrial Technical Assistance Centre
Date of publication, distribution, etc. [1965]
300 ## - PHYSICAL DESCRIPTION
Extent 202p.
Other physical details illus.,ports.
Dimensions 25cm.
500 ## - GENERAL NOTE
General note Cover title.
500 ## - GENERAL NOTE
General note Organized by Pakistan Industrial Technical Assistance Centre.
650 #0 - SUBJECT ADDED ENTRY--TOPICAL TERM
Topical term or geographic name entry element Textile industry
General subdivision Management.
650 #0 - SUBJECT ADDED ENTRY--TOPICAL TERM
Topical term or geographic name entry element Textile industry
Geographic subdivision Pakistan
General subdivision Congresses.
710 2# - ADDED ENTRY--CORPORATE NAME
Corporate name or jurisdiction name as entry element Pakistan Industrial Technical Assistance Centre.

No items available.

Powered by Koha